[Event "Prague Summer op-A 8th"]
[Site "Prague"]
[Date "2021.08.06"]
[Round "1"]
[White "Stalmach, Richard"]
[Black "Raddatz, Michael"]
[Result "1-0"]
[WhiteElo "2305"]
[BlackElo "1963"]
[PlyCount "49"]
[EventDate "2021.08.06"]
[EventType "swiss"]
[EventRounds "9"]
[EventCountry "CZE"]
[SourceTitle "CBM 203 Extra"]
[Source "ChessBase"]
[SourceDate "2021.09.30"]
[SourceVersion "1"]
[SourceVersionDate "2021.09.30"]
[SourceQuality "1"]

1. Nf3 c5 2. c4 Nc6 3. Nc3 Nf6 4. g3 e6 5. Bg2 Be7 6. 0-0 0-0 7. d4 cxd4 8. Nxd4 a6 9. b3 Qa5 10. Bb2 Rd8 11. Rc1 Qh5 12. e4 Nxd4 13. Qxd4 Bc5 14. Qd2 d6 15. Na4 Ba7 16. e5 Ng4 17. h3 Nxe5 18. c5 Nf3+ 19. Bxf3 Qxf3 20. Bxg7 Qf5 21. Bb2 Bd7 22. Rc4 Kf8 23. Qxd6+ Ke8 24. Rg4 Qxg4 25. Bf6 1-0

[Event "GER-ch Seniors 50"]
[Site "Hamburg"]
[Date "2018.07.29"]
[Round "9"]
[White "Raddatz, Michael"]
[Black "Koehler, Gerhard"]
[Result "0-1"]
[WhiteElo "2003"]
[BlackElo "2181"]
[PlyCount "72"]
[EventDate "2018.07.21"]
[EventType "swiss"]
[EventRounds "9"]
[EventCountry "GER"]
[SourceTitle "CBM 186 Extra"]
[Source "ChessBase"]
[SourceDate "2018.08.24"]
[SourceVersion "1"]
[SourceVersionDate "2018.08.24"]
[SourceQuality "1"]

1. e4 c5 2. Nf3 e6 3. d4 cxd4 4. Nxd4 a6 5. Bd3 Nc6 6. Be3 Nf6 7. c3 Ne5 8. Bc2 d5 9. Nd2 Be7 10. f4 Neg4 11. Bg1 dxe4 12. Nxe4 h5 13. Nf3 Nd5 14. Qd2 Qc7 15. h3 Ngf6 16. Bh2 Qc4 17. Neg5 Nd7 18. f5 Rh6 19. fxe6 fxe6 20. Bb3 Qc5 21. Nd4 N7b6 22. Be5 Nxc3 23. Ndf3 Ncd5 24. Bxg7 Rg6 25. Bd4 Qb4 26. Qxb4 Bxb4+ 27. Kf2 Bd7 28. h4 Ke7 29. Ne5 Rf8+ 30. Kg1 Rgg8 31. Rd1 Bb5 32. Nd3 Bd6 33. Nxe6 Rf5 34. Ng5 Nc4 35. Ne4 Nce3 36. Rd2 Rf1# 0-1

[Event "GER-ch Seniors 50"]
[Site "Hamburg"]
[Date "2018.07.21"]
[Round "1"]
[White "Raddatz, Michael"]
[Black "Bertram, Marina"]
[Result "1-0"]
[WhiteElo "2003"]
[BlackElo "1341"]
[PlyCount "71"]
[EventDate "2018.07.21"]
[EventType "swiss"]
[EventRounds "9"]
[EventCountry "GER"]
[SourceTitle "CBM 186 Extra"]
[Source "ChessBase"]
[SourceDate "2018.08.24"]
[SourceVersion "1"]
[SourceVersionDate "2018.08.24"]
[SourceQuality "1"]

1. e4 e5 2. Nf3 Nc6 3. d4 d6 4. Bc4 Nf6 5. Ng5 d5 6. exd5 Nxd4 7. 0-0 Bd6 8. c3 Nf5 9. Nd2 h6 10. Nge4 0-0 11. Qf3 Qe7 12. Nxf6+ Qxf6 13. g4 Qg6 14. Qh3 Ne7 15. f3 Bc5+ 16. Kh1 f5 17. d6+ Kh8 18. dxe7 Bxe7 19. gxf5 Bxf5 20. Qg3 Qxg3 21. hxg3 c6 22. Kg2 Rad8 23. Be2 Rf6 24. Ne4 Rg6 25. Be3 a6 26. Rad1 Rxd1 27. Rxd1 h5 28. Bc4 Bxe4 29. fxe4 h4 30. Bf2 Rg4 31. Kf3 Rg6 32. gxh4 Rf6+ 33. Kg2 Rf4 34. Rd7 Bf6 35. Rxb7 Rxe4 36. Rb8+ 1-0

[Event "Reykjavik op"]
[Site "Reykjavik"]
[Date "2016.03.09"]
[Round "2"]
[White "Mai, Aron Thor"]
[Black "Raddatz, Michael"]
[Result "1/2-1/2"]
[WhiteElo "1784"]
[BlackElo "2023"]
[PlyCount "162"]
[EventDate "2016.03.08"]
[EventType "swiss"]
[EventRounds "10"]
[EventCountry "ISL"]
[SourceTitle "CBM 171 Extra"]
[Source "ChessBase"]
[SourceDate "2016.04.26"]
[SourceVersion "1"]
[SourceVersionDate "2016.04.26"]
[SourceQuality "1"]

1. e4 c5 2. Nf3 Nc6 3. d3 d6 4. g3 Nf6 5. Bg2 g6 6. 0-0 Bg7 7. c3 0-0 8. Re1 Qa5 9. Nbd2 Bd7 10. Nc4 Qc7 11. a4 Rad8 12. Ne3 e6 13. Nd2 Ne5 14. Qe2 Ne8 15. f4 Nc6 16. Nf3 f5 17. exf5 gxf5 18. Nc4 Nf6 19. Ng5 Rde8 20. Nf3 b6 21. Rb1 a6 22. b4 cxb4 23. cxb4 Nd5 24. Ng5 b5 25. Ne3 h6 26. Nxd5 exd5 27. Bxd5+ Kh8 28. Ne6 Bxe6 29. Bxe6 Nd4 30. Qd1 Rxe6 31. Rxe6 Nxe6 32. Bb2 Bd4+ 33. Kg2 Qc6+ 34. Kh3 Rg8 35. Qe2 Qe8 36. Re1 Bxb2 37. Qxb2+ Kh7 38. Qf2 Qh5+ 39. Kg2 Qg6 40. Qe3 Re8 41. Kf1 bxa4 42. Qa7+ Qg7 43. Qxa6 Nc7 44. Qxa4 Rxe1+ 45. Kxe1 Qc3+ 46. Kf2 Kg6 47. Qd7 Qc2+ 48. Kg1 Qd1+ 49. Kf2 Qd2+ 50. Kg1 Qe3+ 51. Kg2 Qb6 52. g4 fxg4 53. Qxg4+ Kf6 54. Qh4+ Kf5 55. Qh5+ Kxf4 56. Qxh6+ Kf5 57. Qh7+ Ke6 58. Qe4+ Kd7 59. Qg4+ Ne6 60. h4 Qe3 61. Qf5 Ke7 62. Qh7+ Kf6 63. Qh8+ Kf5 64. Qh5+ Kf6 65. Qh8+ Kg6 66. Qe8+ Kg7 67. Qe7+ Kh6 68. Qxd6 Kh5 69. Qd5+ Kxh4 70. Qe4+ Nf4+ 71. Kf1 Qh3+ 72. Ke1 Kg4 73. Kd2 Qh8 74. Kc2 Kg5 75. d4 Qc8+ 76. Kb3 Qg8+ 77. Ka4 Qa2+ 78. Kb5 Qb3 79. Qe5+ Kg4 80. Qd6 Nd5 81. Qc5 Kf4 1/2-1/2

[Event "Kiel op 28th"]
[Site "Kiel"]
[Date "2015.07.25"]
[Round "1"]
[White "Sommer, Stefan"]
[Black "Raddatz, Michael"]
[Result "0-1"]
[WhiteElo "1729"]
[BlackElo "2011"]
[PlyCount "60"]
[EventDate "2015.07.25"]
[EventType "swiss"]
[EventRounds "9"]
[EventCountry "GER"]
[SourceTitle "CBM 167 Extra"]
[Source "ChessBase"]
[SourceDate "2015.09.14"]
[SourceVersion "1"]
[SourceVersionDate "2015.09.14"]
[SourceQuality "1"]

1. e4 c5 2. Nf3 e6 3. c3 Nf6 4. e5 Nd5 5. Bc4 Be7 6. 0-0 Nb6 7. Bb3 0-0 8. d4 Nc6 9. Be3 cxd4 10. cxd4 d5 11. Nc3 Bd7 12. a3 f6 13. exf6 Bxf6 14. Qd3 Be8 15. Ne2 Bg6 16. Qd2 Qe7 17. Ng3 a5 18. Rfe1 a4 19. Ba2 Na5 20. Qe2 Nbc4 21. Bd2 Nxd2 22. Qxd2 Qd7 23. Rac1 b5 24. Qe2 Rfe8 25. Rc5 Nc4 26. Bxc4 bxc4 27. Ne5 Qb7 28. Nxg6 hxg6 29. Qg4 Qxb2 30. Qxg6 Bxd4 0-1

[Event "Bad Schwartau op 1st"]
[Site "Bad Schwartau"]
[Date "2014.12.29"]
[Round "5"]
[White "Gerks, Joachim"]
[Black "Raddatz, Michael"]
[Result "0-1"]
[WhiteElo "1841"]
[BlackElo "2025"]
[PlyCount "120"]
[EventDate "2014.12.27"]
[EventType "swiss"]
[EventRounds "7"]
[EventCountry "GER"]
[SourceTitle "CBM 164 Extra"]
[Source "ChessBase"]
[SourceDate "2015.03.02"]
[SourceVersion "1"]
[SourceVersionDate "2015.03.02"]
[SourceQuality "1"]

1. e4 c5 2. Nc3 Nc6 3. g3 g6 4. Bg2 Bg7 5. Nge2 d6 6. d3 Bd7 7. 0-0 Rc8 8. Be3 Nd4 9. Qd2 h5 10. h3 b5 11. Nd1 Rc7 12. c3 Nc6 13. f4 Qc8 14. Kh2 a5 15. a3 a4 16. d4 Na5 17. Qd3 Nb3 18. Rb1 Nf6 19. Nc1 Na5 20. Ne2 h4 21. g4 c4 22. Qc2 Nb3 23. Nf2 Kf8 24. f5 gxf5 25. gxf5 d5 26. Bf4 Ra7 27. e5 Bxf5 28. Qd1 Nh5 29. Bg5 Qd7 30. Nf4 Nxf4 31. Bxf4 Ra6 32. Qf3 Bxb1 33. Rxb1 Qf5 34. Rf1 Rg6 35. Ng4 e6 36. Ne3 Nd2 37. Qe2 Nxf1+ 38. Qxf1 Rxg2+ 39. Nxg2 Bh6 40. Bxh6+ Rxh6 41. Qxf5 exf5 42. Nf4 Ke8 43. Nxd5 Kd7 44. Ne3 Ke6 45. Kg1 Rg6+ 46. Kf2 Rg3 47. Ng2 Rd3 48. Nf4+ Ke7 49. Nxd3 cxd3 50. d5 f4 51. Kf3 Kd7 52. Kf2 Kc7 53. Kf3 Kb6 54. Kf2 Kc5 55. d6 Kc6 56. Kf3 Kd7 57. Kf2 f6 58. exf6 Kxd6 59. f7 Ke7 60. f8Q+ Kxf8 0-1

[Event "Bad Schwartau op 1st"]
[Site "Bad Schwartau"]
[Date "2014.12.28"]
[Round "4"]
[White "Raddatz, Michael"]
[Black "Woll, Wilfried"]
[Result "0-1"]
[WhiteElo "2025"]
[BlackElo "2098"]
[PlyCount "114"]
[EventDate "2014.12.27"]
[EventType "swiss"]
[EventRounds "7"]
[EventCountry "GER"]
[SourceTitle "CBM 164 Extra"]
[Source "ChessBase"]
[SourceDate "2015.03.02"]
[SourceVersion "1"]
[SourceVersionDate "2015.03.02"]
[SourceQuality "1"]

1. e4 e6 2. d4 d5 3. e5 c5 4. c3 Nc6 5. Nf3 Bd7 6. Bd3 cxd4 7. cxd4 Qb6 8. Bc2 Nb4 9. Nc3 Nxc2+ 10. Qxc2 Ne7 11. 0-0 Nf5 12. Rd1 Rc8 13. g4 Ne7 14. Qd3 h5 15. g5 Nf5 16. a4 Bb4 17. Ne2 g6 18. Bd2 Be7 19. Nc1 0-0 20. b4 Rc4 21. Nb3 Rfc8 22. Nc5 Be8 23. Bc3 Qc7 24. Bd2 b6 25. Na6 Qd8 26. b5 Nxd4 27. Nxd4 Bxg5 28. Nb4 Bxd2 29. Qxd2 Qh4 30. Nbc6 Bxc6 31. bxc6 f6 32. Qd3 Qg4+ 33. Kh1 fxe5 34. Nb5 R8xc6 35. Rg1 e4 36. Qe3 Qf3+ 37. Qxf3 exf3 38. Rxg6+ Kf7 39. Rgg1 a6 40. Ra3 axb5 41. axb5 Rc3 42. bxc6 Rxa3 43. Rc1 Ra8 44. c7 Rc8 45. h4 Ke7 46. Kh2 Kd6 47. Kg3 Rxc7 48. Rb1 Kc6 49. Re1 Kd6 50. Rb1 Rb7 51. Kxf3 e5 52. Ke3 b5 53. Kd3 b4 54. f4 e4+ 55. Kd4 b3 56. f5 b2 57. f6 Ke6 0-1

[Event "Bad Schwartau op 1st"]
[Site "Bad Schwartau"]
[Date "2014.12.28"]
[Round "3"]
[White "Richter, Ruediger"]
[Black "Raddatz, Michael"]
[Result "0-1"]
[WhiteElo "1907"]
[BlackElo "2025"]
[PlyCount "88"]
[EventDate "2014.12.27"]
[EventType "swiss"]
[EventRounds "7"]
[EventCountry "GER"]
[SourceTitle "CBM 164 Extra"]
[Source "ChessBase"]
[SourceDate "2015.03.02"]
[SourceVersion "1"]
[SourceVersionDate "2015.03.02"]
[SourceQuality "1"]

1. e4 c5 2. Nf3 a6 3. g3 Nc6 4. Bg2 Nf6 5. d3 d6 6. h3 h6 7. Nc3 e6 8. 0-0 Be7 9. Nh2 Bd7 10. f4 Qc7 11. Nf3 0-0 12. b3 Nd4 13. Nxd4 cxd4 14. Ne2 e5 15. Bb2 Rac8 16. fxe5 dxe5 17. c3 dxc3 18. Bxc3 Rfd8 19. a4 Be6 20. Kh2 Nd7 21. b4 Qb6 22. Qe1 Qd6 23. d4 Bc4 24. dxe5 Nxe5 25. Rf5 Ng6 26. Nd4 Be6 27. Nxe6 fxe6 28. Rf3 Nh4 29. Re3 Bg5 30. Re2 Nxg2 31. Kxg2 Qc6 32. Be5 Rd3 33. Rd1 Rcd8 34. Rxd3 Rxd3 35. Qb1 Qc4 36. h4 Be3 37. Kh3 Qxe4 38. Bf4 Qf5+ 39. Kg2 Qd5+ 40. Kh2 Bxf4 41. gxf4 Qf5 42. Qf1 Qg4 43. Rg2 Rh3+ 44. Kg1 Qxh4 0-1

[Event "Reykjavik op"]
[Site "Reykjavik"]
[Date "2014.03.09"]
[Round "7"]
[White "Bisby, Daniel L"]
[Black "Raddatz, Michael"]
[Result "1-0"]
[WhiteElo "2314"]
[BlackElo "2044"]
[PlyCount "101"]
[EventDate "2014.03.04"]
[EventType "swiss"]
[EventRounds "10"]
[EventCountry "ISL"]
[SourceTitle "CBM 159 Extra"]
[Source "ChessBase"]
[SourceDate "2014.04.24"]
[SourceVersion "1"]
[SourceVersionDate "2014.04.24"]
[SourceQuality "1"]

1. e4 c5 2. Nf3 e6 3. d4 cxd4 4. Nxd4 Nf6 5. Nc3 Nc6 6. Be2 a6 7. Nxc6 dxc6 8. Qxd8+ Kxd8 9. Bf4 Bb4 10. 0-0-0+ Ke7 11. f3 Nd7 12. a3 Bc5 13. e5 h6 14. h4 f6 15. exf6+ gxf6 16. Ne4 e5 17. Nxc5 Nxc5 18. Be3 Ne6 19. Rd2 c5 20. Bc4 b6 21. Rhd1 Nd4 22. c3 Nf5 23. Bf2 h5 24. b4 Be6 25. Bxe6 Kxe6 26. g4 hxg4 27. fxg4 Nxh4 28. Rd7 Nf5 29. gxf5+ Kxf5 30. bxc5 bxc5 31. Bxc5 Rh4 32. Rf1+ Rf4 33. Rxf4+ Kxf4 34. Rf7 f5 35. Bd6 Rd8 36. Rf6 Ke4 37. Re6 Kd5 38. Bc7 Kxe6 39. Bxd8 Kd5 40. Kd2 f4 41. Bb6 Kc4 42. Bc7 Kd5 43. Kd3 e4+ 44. Kd2 f3 45. Bb6 Kc6 46. Bd4 Kd5 47. Kc2 Kc4 48. a4 a5 49. Be3 Kd5 50. Kb3 Kc6 51. Kc4 1-0

[Event "Reykjavik op"]
[Site "Reykjavik"]
[Date "2014.03.04"]
[Round "1"]
[White "Kobalia, Mihail"]
[Black "Raddatz, Michael"]
[Result "1-0"]
[WhiteElo "2646"]
[BlackElo "2044"]
[PlyCount "63"]
[EventDate "2014.03.04"]
[EventType "swiss"]
[EventRounds "10"]
[EventCountry "ISL"]
[SourceTitle "CBM 159 Extra"]
[Source "ChessBase"]
[SourceDate "2014.04.24"]
[SourceVersion "1"]
[SourceVersionDate "2014.04.24"]
[SourceQuality "1"]

1. e4 c5 2. Nf3 Nc6 3. Bb5 Nf6 4. Bxc6 dxc6 5. d3 g6 6. h3 Bg7 7. Nc3 0-0 8. Be3 b6 9. Qd2 Qc7 10. Bf4 Qb7 11. Bh6 b5 12. h4 Bg4 13. Nh2 Be6 14. h5 Rfd8 15. hxg6 fxg6 16. Bxg7 Kxg7 17. Nf3 h5 18. Qg5 c4 19. Ne2 cxd3 20. cxd3 Qc7 21. Nf4 Bf7 22. Nh4 Nh7 23. Nf5+ Kh8 24. Nxg6+ Bxg6 25. Qxg6 Rg8 26. Qxh5 e6 27. Nh6 Rg7 28. Ng4 Qf4 29. Ne5 Qf6 30. Rh3 Rag8 31. Rf3 Rg5 32. Nf7+ 1-0

[Event "Reykjavik op"]
[Site "Reykjavik"]
[Date "2013.02.23"]
[Round "6"]
[White "Raddatz, Michael"]
[Black "Malmdin, Nils Ake"]
[Result "0-1"]
[WhiteElo "2075"]
[BlackElo "2281"]
[PlyCount "78"]
[EventDate "2013.02.19"]
[EventType "swiss"]
[EventRounds "10"]
[EventCountry "ISL"]
[SourceTitle "CBM 153 Extra"]
[Source "ChessBase"]
[SourceDate "2013.04.22"]
[SourceVersion "1"]
[SourceVersionDate "2013.04.22"]
[SourceQuality "1"]

1. e4 c5 2. Nf3 Nc6 3. d4 cxd4 4. Nxd4 g6 5. Be3 Bg7 6. Nc3 Nf6 7. Be2 0-0 8. Qd2 d5 9. exd5 Nb4 10. d6 Nbd5 11. dxe7 Qxe7 12. Nxd5 Nxd5 13. Bg5 Qc5 14. c3 Nf6 15. Nb3 Qc6 16. Bf3 Re8+ 17. Be3 Ne4 18. 0-0 Nxd2 19. Bxc6 Rxe3 20. Rfd1 Nxb3 21. Rd8+ Bf8 22. axb3 Re7 23. Be8 Kg7 24. Kf1 Rc7 25. Bb5 b6 26. Bc4 Bb7 27. Rd3 Bc6 28. Ba6 Be4 29. Rd4 Bc6 30. b4 Rd7 31. Rxd7 Bxd7 32. Rd1 Rd8 33. Rd4 Be7 34. Rc4 Be6 35. Rc7 Rd7 36. Rc6 Bg5 37. Bb5 Rd1+ 38. Ke2 Rd2+ 39. Ke1 Bd7 0-1

[Event "Reykjavik op"]
[Site "Reykjavik"]
[Date "2013.02.20"]
[Round "3"]
[White "Birgisdottir, Ingibjorg Edda"]
[Black "Raddatz, Michael"]
[Result "1/2-1/2"]
[WhiteElo "1783"]
[BlackElo "2075"]
[PlyCount "56"]
[EventDate "2013.02.19"]
[EventType "swiss"]
[EventRounds "10"]
[EventCountry "ISL"]
[SourceTitle "CBM 153 Extra"]
[Source "ChessBase"]
[SourceDate "2013.04.22"]
[SourceVersion "1"]
[SourceVersionDate "2013.04.22"]
[SourceQuality "1"]

1. e4 c5 2. Nf3 e6 3. d4 cxd4 4. Nxd4 Nf6 5. Nc3 Bb4 6. Bd2 Bxc3 7. Bxc3 Nxe4 8. Qg4 Nxc3 9. Qxg7 Rf8 10. bxc3 Qa5 11. Nb3 Qh5 12. Bd3 f5 13. Qe5 Qg5 14. Qg3 Qf6 15. Nd4 Nc6 16. Nb5 f4 17. Qf3 a6 18. Nd6+ Kd8 19. 0-0 Ne5 20. Qe4 Ke7 21. Qb4 Kd8 22. Qb6+ Ke7 23. Qb4 a5 24. Qc5 Kd8 25. Qb6+ Ke7 26. Qc5 Kd8 27. Qb6+ Ke7 28. Qc5 Kd8 1/2-1/2

[Event "Reykjavik op"]
[Site "Reykjavik"]
[Date "2013.02.20"]
[Round "2"]
[White "Raddatz, Michael"]
[Black "Ris, Robert"]
[Result "0-1"]
[WhiteElo "2075"]
[BlackElo "2407"]
[PlyCount "44"]
[EventDate "2013.02.19"]
[EventType "swiss"]
[EventRounds "10"]
[EventCountry "ISL"]
[SourceTitle "CBM 153 Extra"]
[Source "ChessBase"]
[SourceDate "2013.04.22"]
[SourceVersion "1"]
[SourceVersionDate "2013.04.22"]
[SourceQuality "1"]

1. e4 e5 2. Nf3 Nc6 3. Bb5 a6 4. Bxc6 dxc6 5. 0-0 Qe7 6. d4 exd4 7. Qxd4 Bg4 8. Nbd2 Qc5 9. Qxc5 Bxc5 10. Ne5 Be6 11. Nd3 Bb6 12. Nf4 Nf6 13. h3 Rd8 14. Re1 Bc8 15. Nc4 Bc5 16. Nd3 Be7 17. Bf4 Rd4 18. Nd2 Rd7 19. Ne5 Rd4 20. Nd3 Rd8 21. Rad1 0-0 22. f3 b6 0-1